[Event "5th Classic Open 2013"]
[Site "London ENG"]
[Date "2013.12.12"]
[Round "6.60"]
[White "Matthew, Ian G"]
[Black "Hebbes, Tim"]
[Result "0-1"]
[WhiteElo "1910"]
[BlackElo "2104"]
[WhiteFideId "423165"]
[BlackFideId "406570"]
[EventDate "2013.12.07"]

1. e4 e6 2. Nf3 d5 3. e5 c5 4. b4 cxb4 5. d4 Nc6 6. a3 Bd7 7. axb4 Bxb4+ 8. c3
Be7 9. Bd3 b5 10. O-O Na5 11. g3 Nc4 12. h4 h6 13. Nh2 Bf8 14. Qh5 Qc7 15. f4
Ne7 16. f5 exf5 17. Ng4 Be6 18. Ra6 g6 19. Nf6+ Kd8 20. Qe2 Ng8 21. Bf4 Rb8 22.
Nxd5 Qb7 23. Bxc4 Qxa6 24. Nb4 Bxb4 25. Bxe6 fxe6 26. cxb4 Ne7 27. Qd2 Qb6 28.
Rd1 Ke8 29. Bxh6 Rc8 30. Nc3 Rxh6 0-1

[Event "5th Classic Open 2013"]
[Site "London ENG"]
[Date "2013.12.12"]
[Round "6.61"]
[White "Villiers, Thomas"]
[Black "Gupta, Arul"]
[Result "1-0"]
[WhiteElo "2078"]
[BlackElo "1840"]
[WhiteFideId "427209"]
[BlackFideId "422622"]
[EventDate "2013.12.07"]

1. c4 e5 2. g3 Nc6 3. Bg2 f5 4. Nc3 Nf6 5. d3 Bb4 6. Bd2 O-O 7. e3 d6 8. Nge2
Bxc3 9. Bxc3 Qe8 10. O-O Qh5 11. b4 Ne7 12. Nc1 f4 13. Qxh5 Nxh5 14. exf4 exf4
15. Bf3 Nf6 16. Ne2 fxg3 17. hxg3 Ng6 18. Bg2 Ng4 19. d4 Rb8 20. Rad1 Bf5 21.
Bb2 c6 22. d5 Rbe8 23. Nd4 N4e5 24. Nxf5 Rxf5 25. dxc6 bxc6 26. Bxe5 Nxe5 27.
Rxd6 Nxc4 28. Rd4 Ne5 29. f4 Ng4 30. Bxc6 Re3 31. Bf3 Nf6 32. Kf2 Ra3 33. g4 Rb5
34. g5 Ne8 35. Rd8 Rxb4 36. Rxe8+ Kf7 37. Re2 Rxf4 38. Kg3 Rf5 39. Kg4 g6 40.
Bd5+ Kg7 41. Rxf5 gxf5+ 42. Kxf5 Ra5 43. Re5 h6 44. g6 h5 45. Re7+ 1-0

[Event "5th Classic Open 2013"]
[Site "London ENG"]
[Date "2013.12.12"]
[Round "6.62"]
[White "Schmitz, Tim"]
[Black "Bass, John W"]
[Result "1/2-1/2"]
[WhiteElo "1909"]
[BlackElo "2048"]
[WhiteFideId "1270221"]
[BlackFideId "407925"]
[EventDate "2013.12.07"]

1. e4 d6 2. d4 Nf6 3. Nc3 g6 4. f4 Bg7 5. Nf3 O-O 6. Bd3 Na6 7. O-O c5 8. Kh1
cxd4 9. Nxd4 Qb6 10. Nb3 Nb4 11. Be2 Be6 12. Nd4 Bd7 13. Be3 Qd8 14. Bf3 Nc6 15.
Qd2 a6 16. Rae1 Rc8 17. Nb3 Bg4 18. Bg1 Bxf3 19. Rxf3 Na5 20. Nxa5 Qxa5 21. Rd3
Rfe8 22. e5 1/2-1/2

[Event "5th Classic Open 2013"]
[Site "London ENG"]
[Date "2013.12.12"]
[Round "6.63"]
[White "Burke, John S"]
[Black "Miu, Marinel"]
[Result "1-0"]
[WhiteElo "2045"]
[BlackElo "1683"]
[WhiteFideId "404322"]
[BlackFideId "1220691"]
[EventDate "2013.12.07"]

1. e4 e6 2. d4 d5 3. e5 c5 4. c3 Nc6 5. Be3 Nge7 6. Bd3 cxd4 7. cxd4 Nf5 8. Nf3
Be7 9. Nc3 b6 10. O-O O-O 11. Rc1 Nb4 12. Bb1 g6 13. a3 Nc6 14. Bf4 Ba6 15. Re1
Rc8 16. h3 Na5 17. b4 Nc4 18. Qb3 b5 19. Rf1 Qb6 20. Bxf5 gxf5 21. Bh6 Rfe8 22.
Ne2 Kh8 23. Ng5 Rf8 24. Qg3 f6 25. Nxe6 Rf7 26. Bg7+ Kg8 27. Bxf6+ 1-0

[Event "5th Classic Open 2013"]
[Site "London ENG"]
[Date "2013.12.12"]
[Round "6.64"]
[White "Jacob, Sydney J"]
[Black "Ditmas, Hugh"]
[Result "0-1"]
[WhiteElo "1907"]
[BlackElo "2034"]
[WhiteFideId "419338"]
[BlackFideId "1270666"]
[EventDate "2013.12.07"]

1. d4 Nf6 2. c4 e6 3. Nf3 b6 4. g3 c6 5. Bg2 d5 6. cxd5 cxd5 7. O-O Be7 8. Nc3
O-O 9. b3 Bb7 10. Bb2 Nc6 11. e3 Rc8 12. Re1 a6 13. a3 b5 14. Rc1 Qb6 15. Bf1
Rfd8 16. Nd2 Bf8 17. b4 Ne8 18. Bd3 Nd6 19. Qe2 Nc4 20. Nxc4 dxc4 21. Be4 Ne7
22. Qf3 Bxe4 23. Nxe4 Qc6 24. Kg2 Nf5 25. Red1 Be7 26. Nc3 Qxf3+ 27. Kxf3 h5 28.
Ne4 Kf8 29. h3 g6 30. g4 Ng7 31. Ng3 f5 32. gxh5 Nxh5 33. Nxh5 gxh5 34. Rg1 Kf7
35. Bc3 Bf6 36. Ke2 Rg8 37. f3 Ke7 38. e4 Rcd8 39. e5 Bg5 40. Rcd1 Kf7 41. Rg2
Bf4 42. Rdg1 Rxg2+ 43. Rxg2 Rg8 44. Rxg8 Kxg8 45. Bd2 Bxd2 46. Kxd2 f4 47. h4
Kf7 48. Kc3 Ke7 49. Kc2 Kd7 50. Kd2 Kc6 51. Kc2 Kb6 52. Kd2 a5 53. bxa5+ Kxa5
54. d5 Kb6 55. dxe6 Kc7 56. Kc3 Kd8 57. Kb4 Ke7 58. a4 c3 59. Kxb5 c2 60. a5
c1=Q 61. Kb6 Kxe6 62. a6 Kxe5 0-1

[Event "5th Classic Open 2013"]
[Site "London ENG"]
[Date "2013.12.12"]
[Round "6.65"]
[White "Prior, Stephen C V"]
[Black "Baterdene, Tsogbayar"]
[Result "1-0"]
[WhiteElo "2031"]
[BlackElo "1816"]
[WhiteFideId "423378"]
[BlackFideId "4901592"]
[EventDate "2013.12.07"]

1. e4 c5 2. Nf3 d6 3. d4 cxd4 4. Nxd4 Nf6 5. Nc3 a6 6. h3 e5 7. Nde2 Be6 8. g4
b5 9. Bg2 b4 10. Nd5 Nxd5 11. exd5 Bd7 12. a3 bxa3 13. Rxa3 Bb5 14. O-O Be7 15.
Re1 Bxe2 16. Qxe2 O-O 17. b4 Qc7 18. Be4 Qb7 19. Bd2 Nd7 20. Rea1 Nf6 21. Bg2
Rfc8 22. c4 Bf8 23. g5 Ne8 24. c5 Nc7 25. c6 Qb6 26. Qe4 Qd4 27. Qxd4 exd4 28.
b5 Nxb5 29. Rxa6 Rxa6 30. Rxa6 Be7 31. h4 f5 32. Rb6 Nc3 33. Bxc3 dxc3 34. Rb3
Kf8 35. Rxc3 Rc7 36. Ra3 Kf7 37. Kh2 Bd8 38. Ra8 Be7 39. Kg3 g6 40. Kf4 Kg7 41.
h5 h6 42. gxh6+ Kxh6 43. hxg6 Kxg6 44. Rg8+ Kf7 45. Rb8 Kg6 46. Rb7 Bg5+ 47. Kf3
Bd8 48. Bh3 Kg5 49. Rb8 Bf6 50. Rg8+ Bg7 51. Bf1 Kh6 52. Ra8 Kg6 53. Ba6 Bf6 54.
Bb7 Bc3 55. Rf8 Kg5 56. Bc8 f4 57. Be6 Bd2 58. Rd8 Bb4 59. Rg8+ Kf6 60. Kxf4 Bc5
61. Rf8+ Kg7 62. Rf7+ Rxf7+ 63. Bxf7 Bb6 64. Be6 Kf6 65. f3 Ba5 66. Ke4 Bb6 67.
f4 Ba5 68. f5 Bb6 69. Kd3 Ke7 70. Kc4 Ba5 71. Kb5 Bc3 72. Ka6 Kd8 73. Kb7 Ba5
74. f6 1-0

[Event "5th Classic Open 2013"]
[Site "London ENG"]
[Date "2013.12.12"]
[Round "6.66"]
[White "Whatley, Stephen A J"]
[Black "Taylor, William J"]
[Result "1-0"]
[WhiteElo "1852"]
[BlackElo "2017"]
[WhiteFideId "420441"]
[BlackFideId "423130"]
[EventDate "2013.12.07"]

1. e4 e5 2. Nf3 Nc6 3. Bc4 Bc5 4. c3 Nf6 5. d3 a6 6. Bb3 Ba7 7. Nbd2 h6 8. h3 d6
9. Nf1 Be6 10. Bc2 Qe7 11. Qe2 d5 12. Ng3 g6 13. O-O d4 14. Bd2 Nd7 15. a3 h5
16. Qd1 h4 17. Ne2 f6 18. cxd4 exd4 19. Nf4 Nce5 20. Nxe5 Nxe5 21. Nxe6 Qxe6 22.
f4 Nd7 23. b4 O-O-O 24. Bb3 Qd6 25. Qg4 c5 26. Qxg6 cxb4 27. axb4 Qe7 28. b5 Nc5
29. Bb4 Rh7 30. Bxc5 Bxc5 31. Rac1 b6 32. bxa6 Rg7 33. Qf5+ Kb8 34. Ra1 Ka7 35.
Qh5 Rg3 36. Rf3 Bb4 37. Bc4 Bd2 38. Qxh4 Rxf3 39. gxf3 Be3+ 40. Kh1 Qg7 41. Qg4
Qh6 42. Qe6 Qh7 43. Qf7+ Rd7 44. Qxh7 Rxh7 45. f5 Rxh3+ 46. Kg2 Rh7 47. Rh1 Rg7+
48. Kf1 Bc1 49. Rh8 Ba3 50. Rd8 Bc5 51. f4 Re7 52. Kf2 Bb4 53. Kf3 Bc5 54. Kg4
Rg7+ 55. Kh5 Rh7+ 56. Kg6 Rc7 57. Re8 Rc6 58. Re6 Rxe6 59. fxe6 Be7 60. Kf7 Bd8
61. e7 1-0

[Event "5th Classic Open 2013"]
[Site "London ENG"]
[Date "2013.12.12"]
[Round "6.67"]
[White "Arapalea, Daniel-Ionel"]
[Black "McKerracher, Douglas"]
[Result "1-0"]
[WhiteElo "1814"]
[BlackElo "2010"]
[WhiteFideId "1232614"]
[BlackFideId "2401002"]
[EventDate "2013.12.07"]

1. e4 d5 2. exd5 Qxd5 3. Nc3 Qa5 4. Nf3 Nf6 5. b3 Bf5 6. Bb2 e6 7. g3 Be7 8. Bg2
c6 9. O-O Nbd7 10. a3 O-O 11. Nh4 Bg4 12. Qe1 Rfe8 13. f3 Bh5 14. b4 Qc7 15. Bh3
a5 16. g4 Bg6 17. Nxg6 hxg6 18. bxa5 Qxa5 19. Kh1 g5 20. Ne4 Nd5 21. Rf2 Nf4 22.
Bf1 Nf6 23. Bc3 Qd5 24. h4 Nxe4 25. fxe4 Qd7 26. d4 Qc7 27. e5 c5 28. hxg5 Nd5
29. Bd2 g6 30. c4 Nb6 31. d5 exd5 32. cxd5 Nxd5 33. Bc4 Qc6 34. Qe4 Rad8 35. a4
Kg7 36. Raf1 Rf8 37. Kg1 Qe6 38. Rf6 Bxf6 39. Rxf6 Qc8 40. Bxd5 Rxd5 41. Qxd5
Qxg4+ 42. Kf2 Qh4+ 43. Ke2 Qg4+ 44. Rf3 Qxa4 45. Bc3 Qc2+ 46. Qd2 Qe4+ 47. Kf2
Qh4+ 48. Rg3 Qh2+ 49. Rg2 Qh4+ 50. Kg1 Kg8 51. Qe2 Re8 52. Qe3 Qc4 53. Rh2 Qg4+
54. Kf2 Re6 55. Qh3 Qf4+ 56. Ke2 Kf8 57. Rf2 Qc4+ 58. Qd3 Qg4+ 59. Qf3 Qc4+ 60.
Ke1 Rb6 61. Qh3 Rb1+ 62. Kd2 Qa2+ 63. Ke3 Qe6 1-0

[Event "5th Classic Open 2013"]
[Site "London ENG"]
[Date "2013.12.12"]
[Round "6.68"]
[White "Shaw, Robin A."]
[Black "Amato, Giampiero"]
[Result "1-0"]
[WhiteElo "1802"]
[BlackElo "2009"]
[WhiteFideId "3204677"]
[BlackFideId "813303"]
[EventDate "2013.12.07"]

1. g3 c5 2. Bg2 Nc6 3. c4 g6 4. Nc3 Bg7 5. f4 e6 6. e4 d6 7. Nge2 Nge7 8. O-O
O-O 9. d3 a6 10. Rb1 Rb8 11. a4 Nd4 12. Nxd4 Bxd4+ 13. Kh1 Bg7 14. Be3 Nc6 15.
e5 Nd4 16. Ne4 dxe5 17. Nxc5 Nf5 18. Qe2 Nxe3 19. Qxe3 exf4 20. Qxf4 e5 21. Qf3
Qd4 22. Qf2 Qd8 23. Bd5 b6 24. Ne4 Bh3 25. Rfd1 Kh8 26. Qe3 f6 27. b4 b5 28.
axb5 axb5 29. Nc3 bxc4 30. dxc4 Qe7 31. c5 f5 32. Ne2 Bg4 33. Rd2 Bxe2 34. Qxe2
e4 35. Qc4 Qa7 36. Ra2 Qe7 37. b5 Qe5 38. c6 Qc7 39. Qc5 Rb6 40. Rba1 Rfb8 41.
Ra7 Rxb5 42. Qxb5 Rxb5 43. Rxc7 Bxa1 44. Rc8+ Kg7 45. Rg8+ Kf6 46. c7 Rb1+ 47.
Kg2 Rb2+ 48. Kh3 g5 49. c8=Q g4+ 50. Rxg4 fxg4+ 51. Qxg4 Rf2 52. Qxe4 h5 53. Qh7
Rf5 54. Be4 Re5 55. Qg6+ Ke7 56. Bf3 1-0

[Event "5th Classic Open 2013"]
[Site "London ENG"]
[Date "2013.12.12"]
[Round "6.69"]
[White "Opasiak, Dustin Tennessee"]
[Black "Puccini, Jack"]
[Result "0-1"]
[BlackTitle "CM"]
[WhiteElo "1796"]
[BlackElo "2073"]
[WhiteFideId "24630217"]
[BlackFideId "3213307"]
[EventDate "2013.12.07"]

1. e4 c5 2. Ne2 d6 3. Nbc3 Nf6 4. g3 Nc6 5. Bg2 g6 6. O-O Bg7 7. d3 O-O 8. a3 e6
9. Rb1 Nd7 10. Kh1 Rb8 11. Nb5 Qe7 12. Bf4 Nde5 13. d4 cxd4 14. Nexd4 Rd8 15.
Qe2 a6 16. Nxc6 bxc6 17. Nd4 Qc7 18. Rfd1 c5 19. Nb3 a5 20. Nc1 Rb6 21. b3 Ba6
22. Qd2 Nc4 23. Qe1 Nxa3 0-1

[Event "5th Classic Open 2013"]
[Site "London ENG"]
[Date "2013.12.12"]
[Round "6.70"]
[White "Dror, Levi"]
[Black "Altman, Joshua"]
[Result "0-1"]
[BlackTitle "CM"]
[WhiteElo "1835"]
[BlackElo "1626"]
[WhiteFideId "2809583"]
[BlackFideId "426210"]
[EventDate "2013.12.07"]

1. e4 c5 2. Nf3 d6 3. d4 cxd4 4. Nxd4 Nf6 5. Nc3 g6 6. Be3 Bg7 7. Be2 O-O 8. O-O
Nc6 9. Qd2 d5 10. exd5 Nxd5 11. Nxc6 bxc6 12. Rfd1 Bb7 13. Bd4 e5 14. Bc5 Re8
15. Ne4 Re6 16. c4 Qc7 17. Ng5 Ree8 18. cxd5 cxd5 19. Rac1 Qd7 20. Nf3 d4 21.
Qa5 Bh6 22. Ra1 Qe6 23. Bb4 Rac8 24. Bd2 Bg7 25. Rac1 e4 26. Ne1 d3 27. Bf1 Bd4
28. Rxc8 Rxc8 29. Rc1 Re8 30. Qg5 Qb6 31. Qg3 e3 32. fxe3 Bxe3+ 33. Bxe3 Rxe3
34. Qf2 d2 35. Rc7 Qxc7 36. Qxd2 Re6 37. Nf3 Bxf3 38. gxf3 Qb6+ 39. Kg2 Qd6 40.
Qc3 Qe5 41. Qc2 Qg5+ 42. Kh1 Qf5 43. Qf2 Rf6 44. Kg2 g5 45. h3 h5 46. Be2 g4 47.
hxg4 hxg4 48. Qg3 Rg6 49. fxg4 Qe4+ 50. Kf2 Rf6+ 51. Bf3 Qc2+ 52. Kg1 Qxb2 53.
Qc7 Qb6+ 54. Qxb6 Rxb6 55. Be4 Rb4 56. Bf5 0-1

[Event "5th Classic Open 2013"]
[Site "London ENG"]
[Date "2013.12.12"]
[Round "6.71"]
[White "De Lagontrie, Jean"]
[Black "Cannon, Raymond C"]
[Result "1/2-1/2"]
[WhiteElo "1775"]
[BlackElo "1975"]
[WhiteFideId "605271"]
[BlackFideId "408018"]
[EventDate "2013.12.07"]

1. d4 c5 2. d5 f5 3. g3 Nf6 4. Bg2 g6 5. Nh3 Bg7 6. O-O O-O 7. c4 e5 8. dxe6
dxe6 9. Nc3 Qe7 10. e4 Rd8 11. Qe2 Nc6 12. Bg5 Nd4 13. Qd1 h6 14. Bxf6 Bxf6 15.
exf5 gxf5 16. Re1 Qg7 17. Nf4 Bg5 18. Nd3 Qc7 19. f4 Bf6 20. Rc1 Bd7 21. Qh5 Kg7
22. Ne5 Be8 23. Qh3 h5 24. a4 a6 25. Re3 Rab8 26. Kh1 Rd6 27. g4 hxg4 28. Nxg4
fxg4 29. Qxg4+ Bg6 30. Rg3 Qf7 31. Ne4 Rb6 32. Nxc5 Rh8 33. Be4 Rh6 34. f5 exf5
35. Bxf5 Kh7 36. Bxg6+ Rxg6 37. Qh5+ Kg7 38. Rcg1 Rxg3 39. Rxg3+ Kf8 40. Qg4 Rd6
41. Qc8+ Rd8 42. Qxb7 Qxc4 43. Nd7+ Rxd7 44. Qxd7 Qf1+ 45. Rg1 Qf3+ 46. Rg2 Qf1+
47. Rg1 Qf3+ 1/2-1/2

[Event "5th Classic Open 2013"]
[Site "London ENG"]
[Date "2013.12.12"]
[Round "6.72"]
[White "Wood, Peter R"]
[Black "Clayton, Tristan"]
[Result "1-0"]
[WhiteElo "1970"]
[BlackElo "1832"]
[WhiteFideId "422215"]
[BlackFideId "416533"]
[EventDate "2013.12.07"]

1. e4 c6 2. d4 d5 3. exd5 cxd5 4. c4 Nf6 5. Nc3 Nc6 6. Nf3 Bg4 7. cxd5 Nxd5 8.
Qb3 Bxf3 9. gxf3 e6 10. Qxb7 Nxd4 11. Bb5+ Nxb5 12. Qc6+ Ke7 13. Qxb5 Qd7 14.
Nxd5+ Qxd5 15. Qxd5 exd5 16. Be3 Kd7 17. O-O-O Kc6 18. Rhg1 g6 19. Kb1 Bg7 20.
Rc1+ Kb7 21. Rgd1 Rhd8 22. Rd3 Rd7 23. Rb3+ Ka6 24. Rc6+ Ka5 25. Bd2+ Ka4 26.
Ra6# 1-0

[Event "5th Classic Open 2013"]
[Site "London ENG"]
[Date "2013.12.12"]
[Round "6.73"]
[White "Pleininger, Rudolf"]
[Black "Kalerwa, Edwin M"]
[Result "0-1"]
[WhiteElo "1968"]
[BlackElo "1820"]
[WhiteFideId "1305999"]
[BlackFideId "422223"]
[EventDate "2013.12.07"]

1. d4 c5 2. d5 d6 3. c4 Nf6 4. Nc3 g6 5. e4 Bg7 6. Bg5 Nbd7 7. Qd2 h6 8. Bf4 g5
9. Bg3 h5 10. Qxg5 Bh6 11. Qh4 Rg8 12. f4 Rg4 13. Qh3 Ne5 14. f5 Qa5 15. Bxe5
Rxe4+ 16. Kf2 Rxe5 17. Bd3 Re3 18. Qxe3 Ng4+ 0-1

[Event "5th Classic Open 2013"]
[Site "London ENG"]
[Date "2013.12.12"]
[Round "6.74"]
[White "James, Angus S"]
[Black "Reutimann, Hans Peter"]
[Result "1-0"]
[WhiteElo "1941"]
[BlackElo "1814"]
[WhiteFideId "470503"]
[BlackFideId "1313886"]
[EventDate "2013.12.07"]

1. e4 e6 2. d4 d5 3. Nd2 dxe4 4. Nxe4 Be7 5. Nf3 Nf6 6. Nxf6+ Bxf6 7. Bd3 Nc6 8.
c3 Ne7 9. Qe2 c6 10. Bf4 Nd5 11. Bg3 Qa5 12. O-O Be7 13. a3 Nf6 14. Ne5 Qd5 15.
Rfe1 O-O 16. Rad1 Qd8 17. Bb1 Ne8 18. Qc2 f5 19. f4 Bh4 20. Re3 Bxg3 21. Rxg3
Nf6 22. Qe2 Qe8 23. Rh3 c5 24. dxc5 Qa4 25. Rd4 Qa5 26. Qc4 Qc7 27. Bxf5 g6 28.
Bxe6+ Bxe6 29. Qxe6+ Kg7 30. Qd6 Qc8 31. Qe7+ Kg8 32. Nd7 Rf7 33. Nxf6+ 1-0

[Event "5th Classic Open 2013"]
[Site "London ENG"]
[Date "2013.12.12"]
[Round "6.75"]
[White "White, David J"]
[Black "Peck, Silas"]
[Result "0-1"]
[WhiteElo "1915"]
[BlackElo "1803"]
[WhiteFideId "402931"]
[BlackFideId "432865"]
[EventDate "2013.12.07"]

1. e4 e5 2. f4 exf4 3. Nf3 g5 4. h4 g4 5. Ne5 d6 6. Nxg4 Nf6 7. Nxf6+ Qxf6 8.
Nc3 Nc6 9. Bb5 Kd8 10. Bxc6 bxc6 11. Qf3 Rg8 12. d4 Qxd4 13. Bxf4 Bg4 14. Qg3
Be7 15. e5 Rg6 16. Qf2 dxe5 17. Be3 Qc4 18. Qf1 Qb4 19. Qd3+ Ke8 20. h5 Rd6 21.
Qxh7 Qxb2 22. Qg8+ Bf8 23. O-O Bxh5 24. Ne4 Qxc2 25. Nxd6+ cxd6 26. Bh6 Qc5+ 27.
Kh1 d5 28. Rab1 Qd6 29. Rb7 Qxh6 30. Qg3 Bg4+ 31. Kg1 Bc5+ 32. Rf2 Qf4 33. Qxf4
exf4 34. Kf1 Bxf2 35. Kxf2 c5 36. Rc7 c4 37. Ke1 Rd8 38. Rxa7 c3 39. Rc7 d4 40.
Rc5 d3 41. Re5+ Kf8 0-1

[Event "5th Classic Open 2013"]
[Site "London ENG"]
[Date "2013.12.12"]
[Round "6.76"]
[White "Phillips, Owen S"]
[Black "Chilton, James I"]
[Result "1-0"]
[WhiteElo "1913"]
[BlackElo "1778"]
[WhiteFideId "417882"]
[BlackFideId "423009"]
[EventDate "2013.12.07"]

1. Nc3 e5 2. e4 Nf6 3. g3 Bc5 4. Bg2 O-O 5. d3 Re8 6. h3 c6 7. Nge2 b5 8. O-O a6
9. a4 b4 10. Nb1 a5 11. Nd2 Ra7 12. Kh2 d5 13. Nb3 Bb6 14. f3 Na6 15. Bd2 Rd7
16. Qe1 d4 17. f4 Bc7 18. f5 c5 19. g4 c4 20. dxc4 Bb7 21. Ng3 h6 22. Nc1 Nc5
23. Nd3 Bb6 24. b3 Qa8 25. Nxc5 Bxc5 26. g5 hxg5 27. Bxg5 Nh7 28. Bh4 f6 29. Rd1
Rd6 30. Rd3 Re7 31. Rg1 Rf7 32. Bf3 Kh8 33. Bh5 Rfd7 34. Bg6 Nf8 35. Qe2 Kg8 36.
Re1 Nxg6 37. fxg6 Rb6 38. Qh5 Kf8 39. Nf5 Ke8 40. Nxg7+ Kd8 41. Qh8+ Kc7 42.
Qxa8 Bxa8 43. Ne8+ Kc8 44. g7 Rxg7 45. Nxg7 Bf8 46. Nf5 Re6 47. Rg3 Re8 48. Rg8
Kd7 49. Bxf6 Ke6 50. Bg7 Kf7 51. Rxf8+ Rxf8 52. Bxf8 Kxf8 53. h4 Kg8 54. c5 Kh7
55. Ne7 1-0

[Event "5th Classic Open 2013"]
[Site "London ENG"]
[Date "2013.12.12"]
[Round "6.77"]
[White "McCarthy, Damian"]
[Black "Leung, Ho Yan Andrew"]
[Result "1/2-1/2"]
[WhiteElo "1905"]
[BlackElo "1708"]
[WhiteFideId "422240"]
[BlackFideId "6000290"]
[EventDate "2013.12.07"]

1. e4 c5 2. Nf3 d6 3. d4 cxd4 4. Nxd4 Nf6 5. Nc3 a6 6. Be3 e5 7. Nb3 Be6 8. f3
Be7 9. Qd2 h5 10. a4 Nbd7 11. a5 Rc8 12. Be2 Qc7 13. O-O O-O 14. Kh1 Qc6 15.
Rfd1 Rfd8 16. Nc1 Bf8 17. N1a2 Re8 18. Nb4 Qc7 19. Rdc1 Qb8 20. Nbd5 Bxd5 21.
Nxd5 Nxd5 22. Qxd5 Nf6 23. Qd2 Rc6 24. c4 Qc8 25. b4 Qe6 26. b5 Rcc8 27. Rab1
Nd7 28. Rc2 Nc5 29. Rcb2 Rc7 30. bxa6 bxa6 31. Rb6 Ra8 32. Qd5 Qc8 33. h3 g6 34.
Qd2 Qd8 35. Bg5 Qc8 36. Be3 Qd8 37. Bg5 Qc8 38. Kh2 Na4 39. R6b4 Nc5 40. Be3 Ne6
41. Rb6 Nc5 42. Qd5 Qe8 43. Kg1 1/2-1/2

[Event "5th Classic Open 2013"]
[Site "London ENG"]
[Date "2013.12.12"]
[Round "6.78"]
[White "Sagues, Vincent"]
[Black "Bratteteig, Tore-Inge"]
[Result "1-0"]
[WhiteElo "1904"]
[BlackElo "1696"]
[WhiteFideId "625680"]
[BlackFideId "1510711"]
[EventDate "2013.12.07"]

1. e4 e5 2. Nf3 Nc6 3. Bb5 a6 4. Ba4 Nf6 5. d3 Bc5 6. O-O d6 7. c3 O-O 8. h3 b5
9. Bc2 h6 10. Re1 Re8 11. a4 Bb7 12. b4 Ba7 13. axb5 axb5 14. Na3 Ba6 15. Qe2
Qb8 16. Bb3 Nd8 17. Nh4 c6 18. Qf3 Ne6 19. Bxh6 Qd8 20. Bd2 Nh7 21. Nf5 Bb8 22.
Nc2 Bb7 23. Rxa8 Bxa8 24. Ra1 Bb7 25. Ne1 Qf6 26. Qe2 d5 27. Nf3 Nhg5 28. Nxg5
Nxg5 29. Qg4 Ne6 30. Re1 Rd8 31. Be3 Bc8 32. Qf3 Bb7 33. Nh6+ Kf8 34. Qxf6 gxf6
35. Nf5 dxe4 36. dxe4 Rd3 37. Bh6+ Ke8 38. Re3 Rxe3 39. Bxe3 Bc8 40. f3 Nf8 41.
Ng7+ Kd8 42. Bxf7 Nd7 43. Nf5 Bc7 44. h4 Nf8 45. Bc5 Bxf5 46. exf5 Nd7 47. Be3
Ke7 48. Bb3 Bb6 49. Bxb6 Nxb6 50. Kf2 Nd5 51. c4 bxc4 52. Bxc4 Nxb4 53. Ke3 Kf8
54. Ke4 Kg7 55. g4 Nc2 56. g5 Nd4 57. f4 c5 58. fxe5 fxe5 59. Bd5 Ne2 60. Kxe5
Ng3 61. f6+ Kf8 1-0

[Event "5th Classic Open 2013"]
[Site "London ENG"]
[Date "2013.12.12"]
[Round "6.79"]
[White "Staneland, Peter E"]
[Black "Dydak, Mateusz"]
[Result "0-1"]
[WhiteElo "1829"]
[BlackElo "1901"]
[WhiteFideId "416576"]
[BlackFideId "2612305"]
[EventDate "2013.12.07"]

1. Nf3 f5 2. c4 Nf6 3. d4 g6 4. Nc3 Bg7 5. e3 O-O 6. Bd3 d6 7. Qc2 Nc6 8. a3 e5
9. dxe5 dxe5 10. e4 Nd4 11. Nxd4 exd4 12. Nd5 Nxe4 13. O-O c6 14. Nf4 Nc5 15. b4
Ne6 16. Nxe6 Bxe6 17. Bb2 b6 18. c5 b5 19. Rad1 Qc7 20. Rfe1 Qf7 21. Qd2 Bb3 22.
Bc2 Bxc2 23. Qxc2 Rad8 24. Rd3 Rd7 25. Red1 Rfd8 26. Qd2 Rd5 27. Qf4 Be5 28. Qh4
Bf6 29. Qf4 Qe7 30. Qc1 a5 31. g3 axb4 32. axb4 Qe4 33. Qd2 Qe7 34. Re1 Re5 35.
Rxe5 Qxe5 36. Ra3 Qe4 37. Rd3 g5 38. f3 Qe5 39. Kf2 f4 40. gxf4 Qxf4 41. Qxf4
gxf4 42. Kg2 Kf7 43. Bc1 Be5 44. Ra3 Ke6 45. Ra7 d3 46. Bd2 Rg8+ 47. Kh3 h6 48.
Ra3 Rd8 49. Ra7 Kd5 50. Re7 Ra8 51. Kg4 Rg8+ 52. Kh3 Rg6 53. Re8 Rg7 54. Ra8 Kc4
55. Re8 Bc3 56. Bxf4 d2 57. Rd8 Bxb4 58. Bxd2 Bxd2 59. Rxd2 Kxc5 60. f4 b4 61.
Kh4 b3 62. Kh5 Rf7 63. Rf2 Kd4 64. Kg6 Rb7 65. f5 b2 66. Rxb2 Rxb2 67. h4 Rg2+
68. Kf7 Ke5 69. f6 Rf2 0-1

[Event "5th Classic Open 2013"]
[Site "London ENG"]
[Date "2013.12.12"]
[Round "6.80"]
[White "Torgersen, Markus"]
[Black "Solli, Oddvar"]
[Result "1-0"]
[WhiteElo "1732"]
[BlackElo "1849"]
[WhiteFideId "1511653"]
[BlackFideId "1501208"]
[EventDate "2013.12.07"]

1. e4 c6 2. d4 d5 3. exd5 cxd5 4. Bd3 Nc6 5. c3 Nf6 6. Bf4 Bg4 7. Qb3 Na5 8.
Qa4+ Bd7 9. Qc2 Bg4 10. Nd2 e6 11. Ngf3 Be7 12. O-O Nc6 13. Rfe1 Rc8 14. Qb3 b6
15. Ba6 O-O 16. Bxc8 Qxc8 17. Ne5 Bf5 18. Nxc6 Qxc6 19. Nf3 Ne4 20. Ne5 Qb7 21.
f3 Nd6 22. g4 Bg6 23. Nxg6 hxg6 24. a4 Qc6 25. a5 b5 26. Bxd6 Bxd6 27. a6 Rb8
28. Ra2 Bc7 29. Qc2 Rb6 30. Rea1 Bf4 31. Kg2 Bc7 32. b3 Qd6 33. Kh1 Rc6 34. Qd2
Rb6 35. Qe3 Rc6 36. Qd2 Bb6 37. Qe3 Qc7 38. Rc2 Qc8 39. Qd3 Kh7 40. h4 Kg8 41.
Raa2 Bd8 42. Qxb5 Bxh4 43. Qb7 Qc7 44. Qxc7 Rxc7 45. Ra4 Bf6 46. Rb4 Rc6 47.
Rb8+ Kh7 48. Rh2+ 1-0

[Event "5th Classic Open 2013"]
[Site "London ENG"]
[Date "2013.12.12"]
[Round "6.81"]
[White "Al-Hamlan, Faisal"]
[Black "Gates, David A"]
[Result "0-1"]
[WhiteElo "1997"]
[BlackElo "1727"]
[WhiteFideId "10300180"]
[BlackFideId "415723"]
[EventDate "2013.12.07"]

1. d4 d5 2. c4 c6 3. Nc3 Nf6 4. g3 a6 5. Bg2 g6 6. Nf3 Bg7 7. O-O O-O 8. a4 a5
9. b3 Be6 10. Ng5 Bf5 11. Ba3 Re8 12. Bc5 h6 13. Nf3 Ne4 14. Nxe4 Bxe4 15. Ne5
Bxg2 16. Kxg2 Na6 17. Ba3 c5 18. e3 Nb4 19. Bxb4 cxb4 20. Nf3 dxc4 21. bxc4 Rc8
22. Qb3 e6 23. Rac1 Re7 24. Rc2 b6 25. Rfc1 Rd7 26. c5 bxc5 27. Rxc5 Rdc7 28.
Qc4 Rxc5 29. dxc5 Bc3 30. Nd4 Bxd4 31. exd4 Qd5+ 32. Qxd5 exd5 33. Kf3 Kf8 34.
Kf4 f6 35. Re1 Kf7 36. h4 Rc6 37. g4 Re6 38. Rc1 Re4+ 39. Kf3 Ke7 40. c6 Kd8 41.
c7+ Kc8 42. Rc6 Rxd4 43. Rxf6 b3 44. Re6 Rxa4 45. Re1 b2 46. Rb1 Rb4 47. Ke3 a4
48. Kd3 a3 49. Kc2 a2 50. Rxb2 a1=Q 51. Rxb4 0-1